Statystyki dla 10 stanów USA z najkrótszą linią brzegową

Kliknij tutaj aby rozwiązać quiz!

Ogólne statystyki

  • Ten quiz został rozwiązany 61 razy
  • Średni wynik to 5 z 10

Statystyki odpowiedzi

KmStan% Poprawnych
40Rhode Island
81%
127Nowy Jork
75%
28Delaware
63%
31Maryland
53%
13New Hampshire
51%
96Connecticut
47%
53Alabama
46%
112Wirginia
46%
44Missisipi
44%
100Georgia
37%

Rozkład punktacji

Percentyl według liczby udzielonych odpowiedzi

Procent ludzi z każdym wynikiem

Twoja historia wyników

Nie rozwiązałeś tego quizu